Einstein y los Españoles : (Record no. 41125)
[ view plain ]
| 000 -CABECERA | |
|---|---|
| campo de control de longitud fija | 00873nam a2200229 a 4500 |
| 001 - NÚMERO DE CONTROL | |
| campo de control | 000041635 |
| 005 - FECHA Y HORA DE LA ÚLTIMA TRANSACCIÓN | |
| campo de control | 20201002035658.0 |
| 008 - DATOS DE LONGITUD FIJA--INFORMACIÓN GENERAL | |
| campo de control de longitud fija | 131014s2005 sp 000 0 spa d |
| 020 ## - NÚMERO INTERNACIONAL ESTÁNDAR DEL LIBRO | |
| Número Internacional Estándar del Libro | 840008358X |
| 040 ## - FUENTE DE LA CATALOGACIÓN | |
| Centro catalogador/agencia de origen | DO-SdBNP |
| Lengua de catalogación | spa |
| Centro/agencia transcriptor | BNPHU |
| 082 ## - NÚMERO DE LA CLASIFICACIÓN DECIMAL DEWEY | |
| Número de clasificación | xxx |
| Número de documento/Ítem | G559 |
| 100 1# - ENTRADA PRINCIPAL--NOMBRE DE PERSONA | |
| Nombre de persona | Glick, Thomas F. |
| 9 (RLIN) | 63716 |
| 240 10 - TÍTULO UNIFORME | |
| Título uniforme | Spaniards and Einstein. |
| Lenguaje de la obra | inglés |
| 245 10 - MENCIÓN DE TÍTULO | |
| Título | Einstein y los Españoles : |
| Resto del título | ciencia y sociedad en la España de entreguerras / |
| Mención de responsabilidad, etc. | Thomas F. Glick ; versión española de Victor Navarro Brotóns. |
| 260 ## - PUBLICACIÓN, DISTRIBUCIÓN, ETC. | |
| Lugar de publicación, distribución, etc. | Madrid : |
| Nombre del editor, distribuidor, etc. | C. S. I. C., |
| Fecha de publicación, distribución, etc. | 2005. |
| 300 ## - DESCRIPCIÓN FÍSICA | |
| Extensión | 411 p. ; |
| Dimensiones | 22 cm. |
| 490 1# - MENCIÓN DE SERIE | |
| Mención de serie | Estudio sobre la ciencia |
| Designación de volumen o secuencia | 37 |
| 500 ## - NOTA GENERAL | |
| Nota general | Incluye referencias bibliográficas y notas al pie de las páginas. |
| 504 ## - NOTA DE BIBLIOGRAFÍA, ETC. | |
| Nota de bibliografía, etc. | Bibliografía: p. 383-400 |
| 710 2# - PUNTO DE ACCESO ADICIONAL--NOMBRE DE ENTIDAD CORPORATIVA | |
| Nombre de entidad corporativa o nombre de jurisdicción como elemento de entrada | Consejo Superior de Investigaciones Científicas |
| 9 (RLIN) | 4786 |
| 830 #0 - PUNTO DE ACCESO ADICIONAL DE SERIE-TÍTULO UNIFORME | |
| Título uniforme | Estudio sobre la ciencia |
| Número de parte o sección de la obra | 37 |
| 9 (RLIN) | 68423 |
| Estado de retiro | Estado de pérdida | Restricciones de uso | No para préstamo | Código de colección | Localización permanente | Ubicación/localización actual | Ubicación en estantería | Fecha de adquisición | Número de inventario | Total de préstamos | Signatura topográfica completa | Código de barras | Fecha visto por última vez | Precio válido a partir de | Tipo de ítem Koha |
|---|---|---|---|---|---|---|---|---|---|---|---|---|---|---|---|
| Excluido de préstamo | Monografías: Libros y Folletos | General | General | En catalogación | 14.10.2013 | LF1 | xxx G559 | 41635-10 | 25.06.2020 | 25.06.2020 | No se presta |
